[Event "Avoine op 33rd"]
[Site "Avoine"]
[Date "2018.07.26"]
[Round "6"]
[White "Deveque, Guillaume"]
[Black "Bressy, Theo"]
[Result "0-1"]
[WhiteElo "2043"]
[BlackElo "2194"]
[PlyCount "78"]
[EventDate "2018.07.21"]
[EventType "swiss"]
[EventRounds "9"]
[EventCountry "FRA"]
[SourceTitle "CBM 185 Extra"]
[Source "ChessBase"]
[SourceDate "2018.07.29"]
[SourceVersion "1"]
[SourceVersionDate "2018.07.29"]
[SourceQuality "1"]

1. e4 e6 2. d4 d5 3. Nc3 Nf6 4. Bg5 Be7 5. e5 Nfd7 6. h4 h6 7. Bxe7 Qxe7 8. Bd3 a6 9. Qg4 0-0 10. f4 f5 11. Qg6 Rd8 12. g4 Nf8 13. Qh5 fxg4 14. Nge2 c5 15. dxc5 Nbd7 16. Nd4 Nxc5 17. 0-0-0 Nxd3+ 18. Rxd3 Bd7 19. Qxg4 Kh7 20. h5 Be8 21. Rg3 Qf7 22. f5 exf5 23. Nxf5 Ne6 24. Rhg1 Ng5 25. e6 Qxe6 26. Qf4 Rd7 27. Nd4 Qf7 28. Qe5 Rad8 29. Rxg5 hxg5 30. Ne6 Qf6 31. Qxf6 gxf6 32. Nxd8 Rxd8 33. Rf1 Rd6 34. Rd1 Bxh5 35. Rxd5 Rxd5 36. Nxd5 f5 37. Kd2 Bf7 38. Ne7 Be6 39. b4 Kg7 0-1

[Event "Lille Luce op 7th"]
[Site "Lille"]
[Date "2016.04.13"]
[Round "7"]
[White "Konguvel, Ponnuswamy"]
[Black "Deveque, Guillaume"]
[Result "1-0"]
[WhiteElo "2368"]
[BlackElo "1880"]
[PlyCount "33"]
[EventDate "2016.04.09"]
[EventType "swiss"]
[EventRounds "7"]
[EventCountry "FRA"]
[SourceTitle "CBM 171 Extra"]
[Source "ChessBase"]
[SourceDate "2016.04.26"]
[SourceVersion "1"]
[SourceVersionDate "2016.04.26"]
[SourceQuality "1"]

1. e4 e6 2. d4 d5 3. Nc3 Bb4 4. e5 Ne7 5. a3 Bxc3+ 6. bxc3 c5 7. Qg4 Qa5 8. Bd2 0-0 9. Bd3 Nbc6 10. Nf3 f5 11. exf6 Rxf6 12. Qh5 h6 13. Qe8+ Rf8 14. Bh7+ Kxh7 15. Qxf8 Ng6 16. Qe8 Qc7 17. h4 1-0

[Event "Avoine op 30th"]
[Site "Avoine"]
[Date "2015.07.18"]
[Round "8"]
[White "Deveque, Guillaume"]
[Black "Bianchi, Guillaume"]
[Result "1-0"]
[WhiteElo "1890"]
[BlackElo "2142"]
[PlyCount "41"]
[EventDate "2015.07.18"]
[EventType "swiss"]
[EventRounds "9"]
[EventCountry "FRA"]
[SourceTitle "EXT 2016"]
[Source "ChessBase"]
[SourceDate "2015.10.08"]
[SourceVersion "1"]
[SourceVersionDate "2015.10.08"]
[SourceQuality "1"]

1. b4 e5 2. Bb2 Bxb4 3. f4 d6 4. fxe5 dxe5 5. Bxe5 Nf6 6. Nf3 0-0 7. e3 Re8 8. Bc3 Bd6 9. Bc4 h6 10. 0-0 Nc6 11. Qe1 Ne5 12. Nxe5 Bxe5 13. Bxe5 Rxe5 14. Nc3 c5 15. Rd1 b6 16. d4 Rf5 17. e4 Rg5 18. e5 Bb7 19. Rf2 cxd4 20. exf6 Rc8 21. Qe7 1-0

[Event "Avoine op 29th"]
[Site "Avoine"]
[Date "2014.07.20"]
[Round "2"]
[White "Deveque, Guillaume"]
[Black "Sally, Paul Adrien"]
[Result "1/2-1/2"]
[WhiteElo "1891"]
[BlackElo "2081"]
[PlyCount "112"]
[EventDate "2014.07.19"]
[EventType "swiss"]
[EventRounds "9"]
[EventCountry "FRA"]
[SourceTitle "CBM 161 Extra"]
[Source "ChessBase"]
[SourceDate "2014.08.29"]
[SourceVersion "1"]
[SourceVersionDate "2014.08.29"]
[SourceQuality "1"]

1. b4 d5 2. e3 Bf5 3. c4 e6 4. Qb3 Nf6 5. Nf3 Be7 6. Nc3 0-0 7. cxd5 exd5 8. b5 Qd6 9. a4 c5 10. Ba3 Nbd7 11. d4 Rac8 12. Be2 h6 13. 0-0 Qe6 14. dxc5 Nxc5 15. Bxc5 Bxc5 16. Rfd1 Rfd8 17. Nd4 Bxd4 18. Rxd4 Rc5 19. Bf3 Rdc8 20. Nxd5 Rc1+ 21. Rd1 Rxa1 22. Rxa1 Be4 23. Bxe4 Nxe4 24. f3 Nc3 25. e4 Nxd5 26. exd5 Qe2 27. Qd1 Qe3+ 28. Kf1 Kf8 29. Qe2 Qxe2+ 30. Kxe2 Ke7 31. Kd3 Kd6 32. Re1 Rc5 33. Re2 Rxd5+ 34. Kc4 Rc5+ 35. Kd4 Rc1 36. Ra2 Rb1 37. Kc4 Rd1 38. Re2 Ra1 39. Kb4 Rb1+ 40. Kc4 a5 41. bxa6 bxa6 42. g3 a5 43. Ra2 Rb4+ 44. Kc3 f5 45. f4 g5 46. fxg5 hxg5 47. Kd3 Ke5 48. Ke3 Rb3+ 49. Kf2 Rb4 50. Kf3 Kf6 51. Ra3 Rb2 52. h4 gxh4 53. gxh4 Rb4 54. Kg2 Rg4+ 55. Kh3 Kg6 56. Rg3 Rxg3+ 1/2-1/2

[Event "Fenain op"]
[Site "Fenain"]
[Date "2007.02.26"]
[Round "5.8"]
[White "Manet, Eric"]
[Black "Deveque, Guillaume"]
[Result "1/2-1/2"]
[WhiteElo "1957"]
[BlackElo "1888"]
[PlyCount "58"]
[EventDate "2007.02.24"]
[EventType "swiss"]
[EventRounds "7"]
[EventCountry "FRA"]
[SourceTitle "CBM 117 Extra"]
[Source "ChessBase"]
[SourceDate "2007.05.09"]
[SourceVersion "1"]
[SourceVersionDate "2007.05.09"]
[SourceQuality "1"]

1. e4 e5 2. Nf3 Nc6 3. Bb5 a6 4. Ba4 Nf6 5. d3 b5 6. Bb3 Bc5 7. 0-0 0-0 8. Bg5 h6 9. Bh4 g5 10. Bg3 d6 11. c3 Bg4 12. Nbd2 Qd7 13. Bd5 Nxd5 14. exd5 Ne7 15. Ne4 f5 16. Nxc5 dxc5 17. Bxe5 Ng6 18. d4 Rfe8 19. Qd3 Bxf3 20. Qxf3 Nxe5 21. dxe5 Rxe5 22. Rad1 Rd8 23. Qh5 Kg7 24. f4 gxf4 25. Rxf4 Qf7 26. Qf3 Rdxd5 27. Rf1 Qg6 28. Kh1 Rd2 29. Qb7 Ree2 1/2-1/2

[Event "Fenain op 8th"]
[Site "Fenain "]
[Date "2006.02.11"]
[Round "1"]
[White "Rouze, Xavier"]
[Black "Deveque, Guillaume"]
[Result "1-0"]
[WhiteElo "2075"]
[BlackElo "1830"]
[PlyCount "83"]
[EventDate "2006.02.11"]
[EventType "swiss"]
[EventRounds "7"]
[EventCountry "FRA"]
[SourceTitle "EXT 2008"]
[Source "ChessBase"]
[SourceDate "2007.11.25"]
[SourceVersion "1"]
[SourceVersionDate "2007.11.25"]
[SourceQuality "1"]

1. d4 d5 2. c4 c6 3. Nf3 Nf6 4. e3 Bf5 5. Qb3 Qb6 6. c5 Qc7 7. Bd2 Bxb1 8. Rxb1 Nbd7 9. Rc1 e6 10. Bd3 Be7 11. 0-0 0-0 12. Qc2 b6 13. b4 a5 14. cxb6 Qxb6 15. bxa5 Qc7 16. Qxc6 Qxc6 17. Rxc6 Bd8 18. Bb4 Re8 19. Ra6 Rb8 20. a3 Be7 21. Rb1 g6 22. Ra7 Rec8 23. Ba6 Rc2 24. Ne1 Ra2 25. Bb7 Bxb4 26. axb4 Ne4 27. b5 Nd2 28. Rc1 Nc4 29. Bc6 Nf6 30. a6 Ne4 31. Rb7 Re8 32. a7 Ncd6 33. Rb1 Nxb7 34. Bxb7 Rd8 35. a8Q Rdxa8 36. Bxa8 Rxa8 37. b6 Nd2 38. b7 Rb8 39. Rb4 Kf8 40. Nd3 Ke7 41. Nc5 Kd6 42. Na6 1-0